Oxford encyclopedia of the modern world (Record no. 6307)
[ view plain ]
| 000 -LEADER | |
|---|---|
| fixed length control field | 00764nam a2200145Ia 4500 |
| 020 ## - INTERNATIONAL STANDARD BOOK NUMBER | |
| ISBN | 9780195176322 |
| 082 ## - DEWEY DECIMAL CLASSIFICATION NUMBER | |
| Classification number | RR 909.0803 OXF- |
| 245 #0 - TITLE STATEMENT | |
| Title | Oxford encyclopedia of the modern world |
| 260 ## - PUBLICATION, DISTRIBUTION, ETC. (IMPRINT) | |
| Place of publication | Oxford |
| Name of publisher | Oxford University Press |
| Year of publication | 2008 |
| 500 ## - GENERAL NOTE | |
| General note | content: 8 vols. Vol.1 (aborigines-business), (xcv, 505p.) - v.2 (cairo-dust), (v, 579p.) - v.3 (earth day-heart disease), (v, 568p.) - v.4 (hebrew language and literature-luxury), (v, 552p.) - v.5 (macau-oxfam), (v, 545p.) - v.6 (pachinko-skyscrapers), (v, 557p.) - v.7 (slave rebellions, American-white slavery), (v, 586p.) - v.8 (wildlife-zulu war), (v, 599p.) |
| 650 ## - SUBJECT ADDED ENTRY--TOPICAL TERM | |
| Topical Term | History, Modern |
| Form subdivision | Encyclopedias |
| 650 ## - SUBJECT ADDED ENTRY--TOPICAL TERM | |
| Topical Term | Civilization, Modern |
| Form subdivision | Encyclopedias |
| 700 ## - ADDED ENTRY--PERSONAL NAME | |
| Personal name | Stearns, Peter N. |
| 942 ## - ADDED ENTRY ELEMENTS (KOHA) | |
| Koha item type | Books |
| Source of classification or shelving scheme | Dewey Decimal Classification |
| Withdrawn status | Lost status | Damaged status | Not for loan | Home library | Current library | Date acquired | Source of acquisition | Serial Enumeration / chronology | Bill Date | Full call number | Accession Number | Price effective from | Koha item type |
|---|---|---|---|---|---|---|---|---|---|---|---|---|---|
| NASSDOC Library | NASSDOC Library | 19/12/2008 | BSB | V.1 | 2008-09-10 | RR 909.0803 OXF- | 44836 | 18/04/2019 | Books | ||||
| NASSDOC Library | NASSDOC Library | 19/12/2008 | BSB | V.2 | 2008-09-10 | RR 909.0803 OXF- | 44837 | 18/04/2019 | Books | ||||
| NASSDOC Library | NASSDOC Library | 19/12/2008 | BSB | V.3 | 2008-09-10 | RR 909.0803 OXF- | 44838 | 18/04/2019 | Books | ||||
| NASSDOC Library | NASSDOC Library | 19/12/2008 | BSB | V.4 | 2008-09-10 | RR 909.0803 OXF- | 44839 | 18/04/2019 | Books | ||||
| NASSDOC Library | NASSDOC Library | 19/12/2008 | BSB | V.5 | 2008-09-10 | RR 909.0803 OXF- | 44840 | 18/04/2019 | Books | ||||
| NASSDOC Library | NASSDOC Library | 19/12/2008 | BSB | V.6 | 2008-09-10 | RR 909.0803 OXF- | 44841 | 18/04/2019 | Books | ||||
| NASSDOC Library | NASSDOC Library | 19/12/2008 | BSB | V.7 | 2008-09-10 | RR 909.0803 OXF- | 44842 | 18/04/2019 | Books | ||||
| NASSDOC Library | NASSDOC Library | 19/12/2008 | BSB | V.8 | 2008-09-10 | RR 909.0803 OXF- | 44843 | 18/04/2019 | Books |
